<?xml version="1.0" encoding="UTF-8"?><?xml-stylesheet type="text/xsl" href="static/style.xsl"?><OAI-PMH xmlns="http://www.openarchives.org/OAI/2.0/" xmlns:xsi="http://www.w3.org/2001/XMLSchema-instance" xsi:schemaLocation="http://www.openarchives.org/OAI/2.0/ http://www.openarchives.org/OAI/2.0/OAI-PMH.xsd"><responseDate>2026-04-29T07:25:10Z</responseDate><request verb="GetRecord" identifier="oai:repisalud.isciii.es:20.500.12105/27150" metadataPrefix="marc">https://repisalud.isciii.es/rest/oai/request</request><GetRecord><record><header><identifier>oai:repisalud.isciii.es:20.500.12105/27150</identifier><datestamp>2026-01-26T20:27:15Z</datestamp><setSpec>com_20.500.12105_2052</setSpec><setSpec>com_20.500.12105_2051</setSpec><setSpec>col_20.500.12105_19608</setSpec></header><metadata><record xmlns="http://www.loc.gov/MARC21/slim" xmlns:dcterms="http://purl.org/dc/terms/" xmlns:doc="http://www.lyncode.com/xoai" xmlns:xsi="http://www.w3.org/2001/XMLSchema-instance" xsi:schemaLocation="http://www.loc.gov/MARC21/slim http://www.loc.gov/standards/marcxml/schema/MARC21slim.xsd">
   <leader>00925njm 22002777a 4500</leader>
   <datafield ind2=" " ind1=" " tag="042">
      <subfield code="a">dc</subfield>
   </datafield>
   <datafield ind2=" " ind1=" " tag="720">
      <subfield code="a">Virseda-Berdices, Ana</subfield>
      <subfield code="e">author</subfield>
   </datafield>
   <datafield ind2=" " ind1=" " tag="720">
      <subfield code="a">Brochado-Kith, Oscar</subfield>
      <subfield code="e">author</subfield>
   </datafield>
   <datafield ind2=" " ind1=" " tag="720">
      <subfield code="a">Díez, Cristina</subfield>
      <subfield code="e">author</subfield>
   </datafield>
   <datafield ind2=" " ind1=" " tag="720">
      <subfield code="a">Hontañon, Victor</subfield>
      <subfield code="e">author</subfield>
   </datafield>
   <datafield ind2=" " ind1=" " tag="720">
      <subfield code="a">Berenguer, Juan</subfield>
      <subfield code="e">author</subfield>
   </datafield>
   <datafield ind2=" " ind1=" " tag="720">
      <subfield code="a">González-García, Juan</subfield>
      <subfield code="e">author</subfield>
   </datafield>
   <datafield ind2=" " ind1=" " tag="720">
      <subfield code="a">Rojo, David</subfield>
      <subfield code="e">author</subfield>
   </datafield>
   <datafield ind2=" " ind1=" " tag="720">
      <subfield code="a">Fernandez-Rodriguez, Amanda</subfield>
      <subfield code="e">author</subfield>
   </datafield>
   <datafield ind2=" " ind1=" " tag="720">
      <subfield code="a">Ibañez-Samaniego, Luis</subfield>
      <subfield code="e">author</subfield>
   </datafield>
   <datafield ind2=" " ind1=" " tag="720">
      <subfield code="a">Llop-Herrera, Elba</subfield>
      <subfield code="e">author</subfield>
   </datafield>
   <datafield ind2=" " ind1=" " tag="720">
      <subfield code="a">Olveira, Antonio</subfield>
      <subfield code="e">author</subfield>
   </datafield>
   <datafield ind2=" " ind1=" " tag="720">
      <subfield code="a">Perez-Latorre, Leire</subfield>
      <subfield code="e">author</subfield>
   </datafield>
   <datafield ind2=" " ind1=" " tag="720">
      <subfield code="a">Barbas, Coral</subfield>
      <subfield code="e">author</subfield>
   </datafield>
   <datafield ind2=" " ind1=" " tag="720">
      <subfield code="a">Rava, Marta</subfield>
      <subfield code="e">author</subfield>
   </datafield>
   <datafield ind2=" " ind1=" " tag="720">
      <subfield code="a">Resino, Salvador</subfield>
      <subfield code="e">author</subfield>
   </datafield>
   <datafield ind2=" " ind1=" " tag="720">
      <subfield code="a">Jimenez-Sousa, Maria Angeles</subfield>
      <subfield code="e">author</subfield>
   </datafield>
   <datafield ind2=" " ind1=" " tag="720">
      <subfield code="a">CoRIS</subfield>
      <subfield code="e">author</subfield>
   </datafield>
   <datafield ind2=" " ind1=" " tag="260">
      <subfield code="c">2022-02-23</subfield>
   </datafield>
   <datafield ind2=" " ind1=" " tag="520">
      <subfield code="a">Background: Patients with a significant decrease in hepatic venous pressure gradient (HVPG) have a considerable reduction of liver complications and higher survival after HCV eradication. Objectives: To evaluate the association between the baseline blood microbiome and the changes in HVPG after successful direct-acting antiviral (DAA) therapy in patients with HCV-related cirrhosis. Methods: We performed a prospective study in 32 cirrhotic patients (21 HIV positive) with clinically significant portal hypertension (HVPG ≥10 mmHg). Patients were assessed at baseline and 48 weeks after HCV treatment completion. The clinical endpoint was a decrease in HVPG of ≥20% or HVPG &lt;12 mmHg at the end of follow-up. Bacterial 16S ribosomal DNA was sequenced using MiSeq Illumina technology, inflammatory plasma biomarkers were investigated using ProcartaPlex immunoassays and the metabolome was investigated using GC-MS. Results: During the follow-up, 47% of patients reached the clinical endpoint. At baseline, those patients had a higher relative abundance of Corynebacteriales and Diplorickettsiales order, Diplorickettsiaceae family, Corynebacterium and Aquicella genus and Undibacterium parvum species organisms and a lower relative abundance of Oceanospirillales and Rhodospirillales order, Halomonadaceae family and Massilia genus organisms compared with those who did not achieve the clinical endpoint according to the LEfSe algorithm. Corynebacteriales and Massilia were consistently found within the 10 bacterial taxa with the highest differential abundance between groups. Additionally, the relative abundance of the Corynebacteriales order was inversely correlated with IFN-γ, IL-17A and TNF-α levels and the Massilia genus with glycerol and lauric acid. Conclusions: Baseline-specific bacterial taxa are related to an HVPG decrease in patients with HCV-related cirrhosis after successful DAA therapy.</subfield>
   </datafield>
   <datafield ind1="8" ind2=" " tag="024">
      <subfield code="a">Ana Virseda-Berdices, Oscar Brochado-Kith, Cristina Díez, Victor Hontañon, Juan Berenguer, Juan González-García, David Rojo, Amanda Fernández-Rodríguez, Luis Ibañez-Samaniego, Elba Llop-Herrera, Antonio Olveira, Leire Perez-Latorre, Coral Barbas, Marta Rava, Salvador Resino, María Angeles Jiménez-Sousa, on behalf of the ESCORIAL Study Group, Blood microbiome is associated with changes in portal hypertension after successful direct-acting antiviral therapy in patients with HCV-related cirrhosis, Journal of Antimicrobial Chemotherapy, Volume 77, Issue 3, March 2022, Pages 719–726, https://doi.org/10.1093/jac/dkab444.</subfield>
   </datafield>
   <datafield ind1="8" ind2=" " tag="024">
      <subfield code="a">https://hdl.handle.net/20.500.12105/27150</subfield>
   </datafield>
   <datafield ind1="8" ind2=" " tag="024">
      <subfield code="a">34888660</subfield>
   </datafield>
   <datafield ind1="8" ind2=" " tag="024">
      <subfield code="a">10.1093/jac/dkab444</subfield>
   </datafield>
   <datafield ind1="8" ind2=" " tag="024">
      <subfield code="a">Journal of Antimicrobial Chemotherapy</subfield>
   </datafield>
   <datafield ind2="0" ind1="0" tag="245">
      <subfield code="a">Blood microbiome is associated with changes in portal hypertension after successful direct-acting antiviral therapy in patients with HCV-related cirrhosis.</subfield>
   </datafield>
</record></metadata></record></GetRecord></OAI-PMH>